Catàleg del Museu de Llotja : Reial Acadèmia Catalana de Belles Arts de Sant Jordi / Pilar Vélez Reial Acadèmia Catalana de Belles Arts de Sant Jordi / Pilar Vélez
ISBN:
84-921049-3-7
Descripción Física:
v. : il. ; 24 cm
MARC
| LEADER | 00000nam a2200000Ia 4500 | ||
|---|---|---|---|
| 001 | 17116 | ||
| 008 | 160829s2001 xx 000 0 cat d | ||
| 020 | |a 84-921049-3-7 | ||
| 080 | |a FOL-2-82 | ||
| 100 | |a Vélez, Pilar |9 28129 | ||
| 245 | |a Catàleg del Museu de Llotja : |b Reial Acadèmia Catalana de Belles Arts de Sant Jordi / Pilar Vélez | ||
| 260 | |a Barcelona : |b Reial Acadèmia Catalana de Belles Arts de Sant Jordi, |c 2001 | ||
| 300 | |a v. : |b il. ; |c 24 cm | ||
| 590 | |a Catàleg de l'exposició. | ||
| 590 | |a Bibliografia i índexs. | ||
| 590 | |a Amb el suport de la Diputació de Barcelona, .... | ||
| 590 | |a Conté: v. 2: Escultura i medalles | ||
| 650 | |a Escultura |x Catàlegs. |x Medalles |x Catàlegs. |x Casa Llotja de Mar |x Catàlegs |9 28130 | ||
| 710 | 1 | |a Barcelona (Catalunya : Província). |b Diputació |9 52408 | |
| 710 | 2 | |a Reial Acadèmia Catalana de Belles Arts de Sant Jordi |9 54759 | |
| 866 | |a 2 | ||
| 901 | |a Arxiu | ||
| 942 | |n 1 | ||
| 952 | |0 0 |1 0 |4 0 |6 FOL282 |7 1 |9 44684 |a Arxiu |b Arxiu |d 2016-12-01 |l 0 |o FOL-2-82 |p 17116 |r 2016-12-01 00:00:00 |w 2016-12-01 |y ARXIU | ||
| 999 | |c 47265 |d 47265 | ||